00908nam a2200205 a 450000100100000000500170001000800410002704000250006824501270009325000120022026000370023230000210026949000740029049000740036450400320043870000320047070000260050271001000052883000740062800004060520201002034239.0130903s2001 dr 000 0 spa d aDO-SdBNPbspacBNPHU00aGlosario de educación superior, ciencia y tecnología :bproyecto /ccompilación Rafael Emilio Bello, Gladys Almonte. a3a. ed. aSanto Domingo :bSEESCTT,c2001. a178 p. ;c21 cm.1 aPublicación de la Secretaría de Estado de Educación Superiorv41 aPublicación de la Secretaría de Estado de Educación Superiorv4 aBibliografía : p. 177-1781 aEmilio Bello, Rafaelecomp.1 aAmonte, Gladysecomp.2 aSecretaría de Estado de Educación Superior, Ciencia y Tecnología (República Dominicana) 0aPublicación de la Secretaría de Estado de Educación Superiorv4